L'environnement en France : approche regionale

Αποθηκεύτηκε σε:
Λεπτομέρειες βιβλιογραφικής εγγραφής
Συγγραφή απο Οργανισμό/Αρχή: Institut Francais de l'environnement
Μορφή: Βιβλίο
Γλώσσα:French
Δημοσίευση: Paris : La Decouverte, c1996
Θέματα:
Ετικέτες: Προσθήκη ετικέτας
Δεν υπάρχουν, Καταχωρήστε ετικέτα πρώτοι!

MARC

LEADER 00000nam a2200000 i 4500
001 1/14861
008 980512s1996 fre d
020 |a 2-7071-2624-1 
020 |a 2707126241 
035 |l 10019584 
040 |a GR-MY-UA  |b    |e aacr 
041 0 |a fre 
082 0 |a 363.700944 
110 2 |a Institut Francais de l'environnement. 
245 1 0 |a L'environnement en France :  |b approche regionale /  |c Institut Francais de l'environnement 
260 |a Paris :   |b La Decouverte,   |c c1996 
300 |a 352 p.  |b ill. 
500 |a Edition 1996 - 1997 
504 |a Includes bibliographical references p. 342-347 and index 
650 0 0 |a Environmental management  |z France. 
650 0 0 |a Urban ecology  |z France. 
651 0 |a France  |x Environmental conditions. 
852 |a INST  |b LESVOS  |e 19980512  |h 363.700944 ENV  |p 005100013415  |q 005100013415  |t BK  |y 0 
901 |a BIBL-1998-3 
909 |a Λ  |b 056295 
922 |a 1ΕΛΗ  |b 199805  |c ΚΠΣ/ΤΠ  |d ΠΑΠΑΣΩΤΗΡΙΟΥ 
950 |a 107-1998-03-04